000 00508nam a2200181Ia 4500
003 GCL
008 140319s9999 xx 000 0 ara d
040 _aGCL /
_cGCL
082 0 4 _a891.7
_bب ف
100 1 _aبانوفا، خيرا
245 1 0 _aالفجر الجديد او التطلع للامام /
_cبانوفا، خيرا
700 1 _aحسين القبانى (مترجم)
490 _a
650 0 4 _aالادب
650 0 4 _aالادب الروسى
650 0 4 _aالقصة
942 _2ddc
_cBK
999 _c39886
_d39886